Svátek hada /
Osudy uštknuté dobou. Příběh inspirovaný skutečným vyprávěním. Historický román o síle přátelství tam, kde zmizela lidskost.
Uloženo v:
| Hlavní autor: | |
|---|---|
| Médium: | E-kniha |
| Jazyk: | Czech |
| Vydáno: |
V Praze :
Motto,
2024
|
| Vydání: | 1. vydání |
| Témata: | |
| Tagy: |
Žádné tagy |
| LEADER | 02200nam a2200409 i 4500 | ||
|---|---|---|---|
| 001 | 312400 | ||
| 003 | CZ PrSKC | ||
| 005 | 20260601215722.0 | ||
| 007 | ta | ||
| 008 | 240503s2024 xr g 000 f cze | ||
| 015 | |a cnb003603771 | ||
| 020 | |a 9788026726432 |q (vázáno) | ||
| 035 | |a (OCoLC)1438776087 | ||
| 040 | |a ABG001 |b cze |e rda | ||
| 072 | 7 | |a 821.162.3-3 |x Česká próza |2 Konspekt | |
| 080 | |a 821.162.3-31 |2 MRF | ||
| 080 | |a (0:82-311.6) |2 MRF | ||
| 100 | 1 | |a Hlavinková, Lucie, |d 1974- |7 xx0212699 |4 aut | |
| 245 | 1 | 0 | |a Svátek hada / |c Lucie Hlavinková |
| 250 | |a 1. vydání | ||
| 264 | 1 | |a V Praze : |b Motto, |c 2024 | |
| 300 | |a 224 stran ; |c 22 cm | ||
| 336 | |a text |b txt |2 rdacontent | ||
| 337 | |a bez média |b n |2 rdamedia | ||
| 338 | |a svazek |b nc |2 rdacarrier | ||
| 504 | |a Obsahuje bibliografii | ||
| 520 | 2 | |a Osudy uštknuté dobou. Příběh inspirovaný skutečným vyprávěním. Historický román o síle přátelství tam, kde zmizela lidskost. |b Mrazivé ulice Moskvy, bezútěšný gulag, bojiště druhé světové války i poválečná Praha. Tam všude zavanou dějiny trojici přátel vyrůstajících v nedotčené přírodě Podkarpatské Rusi. Bezstarostné dětství se pro Helenu, Michala a Romana proměnilo v hýčkanou vzpomínku. Během strastiplného putování podstupují řadu zkoušek, ale také zažívají záblesky naděje a lidskosti. Jenže v jedovatých časech se pod maskou člověka může skrývat charakter hada... Nakladatelská anotace. | |
| 655 | 7 | |a české romány |7 fd133974 |2 czenas | |
| 655 | 7 | |a historické romány |7 fd132414 |2 czenas | |
| 655 | 9 | |a Czech fiction |2 eczenas | |
| 655 | 9 | |a historical novels |2 eczenas | |
| 900 | |a ABA001 |b 19 | ||
| 928 | 9 | |a Albatros Media - Motto | |
| 044 | |a xr | ||
| 910 | |a RBIT002 | ||
| 998 | |d 405640 |a https://core.palmknihy.cz/api/books/405640/cover?se2gsf |b https://core.palmknihy.cz/api/books/405640/cover/400?se2gsf |c https://core.palmknihy.cz/api/books/405640/cover/50?se2gsf |e 2034-12-31 |g 232 |i 9788026726432 |j https://core.palmknihy.cz/api/books/405640/preview.epub |k https://core.palmknihy.cz/api/books/405640/preview.pdf |l |q 49 |r 1 |s https://www.palmknihy.cz/kniha/405640 |t ebook |y 2024 |z 0 | ||
| 999 | |d 312398 | ||